000 00835nam a2200253Ia 4500
003 OSt
005 20220923211547.0
006 a|||||r|||| 00| 0
007 ta
008 Pun
020 _a9789384138219 (hbk)
_c220
024 _a290,713
037 _b1012, 24/02/2016, H.K. Prakashan
_cTextual
040 _aARTS
_cARTS
_bPun
041 _2Pun
_aPun
082 _aO153,3NBAx, Q4
100 _aਬੱਲ, ਵਰਿਆਮ ਸਿੰਘ
245 0 _aਅਜੋਕੇ ਸਮੇ੍ਵ ਦਾ ਸੱਚ
260 _aਅੰਮ੍ਰਿਤਸਰ
_b ਕੇ. ਜੀ. ਗ੍ਰਾਫਿਕਸ
_c2014
300 _a88ਪੰ
_ccm.
650 _aਪੰਜਾਬੀ ਸਾਹਿਤ
942 _hO153,3NBAx, Q4
_cTEXL
_2CC
999 _c300786
_d300786